Evaluation of possible cosmeceutical effects of Turkish plants [abstract] /

Elmentve itt :
Bibliográfiai részletek
Szerzők: Senol Deniz Fatma Sezer
Erdogan Orhan Ilkay
Testületi szerző: Trends in Natural Product Research
Dokumentumtípus: Könyv része
Megjelent: Phytochemical Society of Europe ; University of Szeged Leicester ; Szeged 2019
Sorozat:Trends in Natural Product Research – PSE Young Scientists’ Meeting
Kulcsszavak:Növénykémia - természetes anyagok - előadáskivonat, Gyógynövények - előadáskivonat
Tárgyszavak:
doi:10.14232/tnpr.2019.sl30

Online Access:http://acta.bibl.u-szeged.hu/62007
LEADER 01138naa a2200253 i 4500
001 acta62007
005 20230612154539.0
008 190726s2019 hu o 1|| eng d
024 7 |a 10.14232/tnpr.2019.sl30  |2 doi 
040 |a SZTE Egyetemi Kiadványok Repozitórium  |b hun 
041 |a eng 
100 2 |a Senol Deniz Fatma Sezer 
245 1 0 |a Evaluation of possible cosmeceutical effects of Turkish plants   |h [elektronikus dokumentum] :  |b [abstract] /  |c  Senol Deniz Fatma Sezer 
260 |a Phytochemical Society of Europe ; University of Szeged  |b Leicester ; Szeged  |c 2019 
300 |a 77 
490 0 |a Trends in Natural Product Research – PSE Young Scientists’ Meeting 
650 4 |a Természettudományok 
650 4 |a Kémiai tudományok 
650 4 |a Orvos- és egészségtudomány 
650 4 |a Általános orvostudomány 
695 |a Növénykémia - természetes anyagok - előadáskivonat, Gyógynövények - előadáskivonat 
700 0 2 |a Erdogan Orhan Ilkay  |e aut 
711 |a Trends in Natural Product Research  |c Budapest  |d 2019. június 19-21. 
856 4 0 |u http://acta.bibl.u-szeged.hu/62007/1/ysm_2019_077.pdf  |z Dokumentum-elérés